Dopasuj imię do nazwiska - polscy pisarze - Statystyki

Ogólne statystyki
  • Ten quiz został rozwiązany 51 razy
  • Średni wynik to 14 z 20
Statystyki odpowiedzi
Hint Odpowiedź % Poprawnych
Henryk Sienkiewicz
100%
Olga Tokarczuk
92%
Eliza Orzeszkowa
89%
Bolesław Prus
89%
Kornel Makuszyński
87%
Sławomir Mrożek
87%
Stefan Żeromski
87%
Władysław Reymont
84%
Witold Gombrowicz
76%
Andrzej Sapkowski
76%
Gustaw Herling-Grudziński
63%
Stanisław Lem
63%
Jarosław Iwaszkiewicz
58%
Maria Rodziewiczówna
55%
Tadeusz Dołęga-Mostowicz
53%
Zofia Kossak-Szczucka
53%
Hanna Malewska
47%
Jacek Dukaj
45%
Teodor Parnicki
37%
Sergiusz Piasecki
29%
Nie znaleziono quizów pasujących do podanych kryteriów
Rozkład punktacji
Procent ludzi z każdym wynikiem
Percentyl według liczby udzielonych odpowiedzi
Twoja historia wyników
Nie rozwiązałeś tego quizu